[Event "Oakham YM"]
[Site "Oakham"]
[Date "1992.??.??"]
[Round "3"]
[White "Grigore, George Gabriel"]
[Black "Lesiege, Alexandre"]
[Result "0-1"]
[WhiteElo "2430"]
[BlackElo "2375"]
[WhiteFideId "-1"]
[WhiteFideId "-1"]
[PlyCount "85"]
[GameId "1166637475864576"]
[EventDate "1992.03.??"]
[EventType "swiss"]
[EventRounds "9"]
[EventCountry "ENG"]
[SourceTitle "CBM 030"]
[Source "ChessBase"]
[SourceDate "2004.01.01"]
[SourceVersion "1"]
[SourceVersionDate "2004.01.01"]
[SourceQuality "1"]

1. d4 Nf6 2. c4 g6 3. Nc3 Bg7 4. e4 O-O 5. Nf3 d6 6. Be2 Bg4 7. Be3 Nfd7 8. Ng1 Bxe2 9. Ngxe2 c5 10. O-O Nc6 11. Qd2 cxd4 12. Nxd4 Nde5 13. Nxc6 bxc6 14. Qe2 c5 15. Rfd1 Qc8 16. Rac1 Re8 17. h3 Nc6 18. f4 Qe6 19. e5 dxe5 20. Bxc5 exf4 21. Qxe6 fxe6 22. b4 Rec8 23. Ne4 h6 24. Kf2 Rc7 25. Ke2 Kf7 26. a4 Rb8 27. b5 Na5 28. Bf2 Nb3 29. Rc2 Na1 30. Rcc1 Nb3 31. c5 Nxc1+ 32. Rxc1 a6 33. Rb1 axb5 34. axb5 Ra7 35. c6 Ra2+ 36. Kf1 Rc2 37. Ba7 Rd8 38. Bc5 Be5 39. b6 Rc8 40. b7 Rxc6 41. Nd6+ Rxd6 42. b8=Q Rd1+ 43. Rxd1 0-1

[Event "Laval IX"]
[Site "Laval CAN"]
[Date "1992.02.28"]
[Round "1"]
[White "Lesiege, Alexandre"]
[Black "Weston, Paul"]
[Result "1-0"]
[WhiteElo "2452"]
[BlackElo "1948"]
[WhiteFideId "-1"]
[WhiteFideId "-1"]
[PlyCount "47"]
[GameId "2160767912375723"]
[EventDate "1992.02.28"]
[EventType "swiss"]
[EventRounds "5"]
[EventCountry "CAN"]
[SourceTitle "FQE 01"]

1. d4 d5 2. c4 e6 3. Nc3 Nf6 4. Bg5 Be7 5. e3 Nbd7 6. Nf3 O-O 7. Rc1 c6 8. Bd3 dxc4 9. Bxc4 Nd5 10. Bxe7 Qxe7 11. O-O Nxc3 12. Rxc3 e5 13. Qc2 e4 14. Nd2 Nf6 15. Bb3 Bg4 16. Rc1 Rad8 17. Rc5 Nd7 18. Ra5 Rfe8 19. Rxa7 Rb8 20. Ra5 b6 21. Ra7 Qg5 22. Nxe4 Qg6 23. Ng3 Qg5 24. h3 1-0

[Event "Laval IX"]
[Site "Laval CAN"]
[Date "1992.02.29"]
[Round "2"]
[White "Abreu Cordero, Jose"]
[Black "Lesiege, Alexandre"]
[Result "0-1"]
[WhiteElo "2024"]
[BlackElo "2452"]
[WhiteFideId "-1"]
[WhiteFideId "-1"]
[PlyCount "96"]
[GameId "2160767912375725"]
[EventDate "1992.02.28"]
[EventType "swiss"]
[EventRounds "5"]
[EventCountry "CAN"]
[SourceTitle "EXT 2022"]
[Source "ChessBase"]
[SourceDate "2021.10.06"]
[SourceVersion "1"]
[SourceVersionDate "2021.10.06"]
[SourceQuality "1"]

1. d4 Nf6 2. c4 g6 3. Nc3 Bg7 4. e4 O-O 5. f3 c5 6. d5 d6 7. Be3 e6 8. Qd2 exd5 9. cxd5 Na6 10. Bxa6 bxa6 11. Nge2 Re8 12. O-O Rb8 13. Rac1 a5 14. b3 Ba6 15. Rfe1 Nd7 16. Nd1 a4 17. bxa4 Ne5 18. Nf2 Nc4 19. Qd3 Rb4 20. Nc3 Qa5 21. Kh1 Rb2 22. Ne2 Qxa4 23. Nd1 Rxa2 24. Ndc3 Qa3 25. Bf4 Rxe2 26. Rxe2 Nb2 27. Qd2 Bxe2 28. Nxe2 Nd3 29. Rb1 Nxf4 30. Nxf4 c4 31. Qc2 Rc8 32. h3 a5 33. Ne2 Qd3 34. Rc1 Qxc2 35. Rxc2 a4 36. Kg1 a3 37. Nc1 Rb8 38. Rxc4 Bh6 39. Kf2 Rb1 40. Rc8+ Kg7 41. f4 Bxf4 42. Nd3 a2 43. Ra8 a1=Q 44. Rxa1 Rxa1 45. Nxf4 Ra3 46. g4 Kf6 47. Ne2 Ke5 48. Ng3 Rxg3 0-1

[Event "Laval IX"]
[Site "Laval CAN"]
[Date "1992.02.29"]
[Round "3"]
[White "Lesiege, Alexandre"]
[Black "Hergott, Deen"]
[Result "1/2-1/2"]
[WhiteElo "2452"]
[BlackElo "2321"]
[WhiteFideId "-1"]
[WhiteFideId "-1"]
[PlyCount "109"]
[GameId "2160767912375729"]
[EventDate "1992.02.28"]
[EventType "swiss"]
[EventRounds "5"]
[EventCountry "CAN"]
[SourceTitle "FQE 01"]

1. c4 b6 2. Nc3 Bb7 3. d4 e6 4. a3 f5 5. Nf3 Nf6 6. g3 Ne4 7. Qc2 Be7 8. Bg2 Nxc3 9. Qxc3 Bf6 10. Qe3 O-O 11. O-O Be4 12. Bd2 c5 13. Bc3 Nc6 14. dxc5 bxc5 15. Rfd1 Bxc3 16. Qxc3 Rb8 17. e3 Qf6 18. Qxf6 gxf6 19. Rd2 Rb7 20. Rad1 Rd8 21. Ne1 Ne5 22. f3 Bc6 23. f4 Bxg2 24. fxe5 Be4 25. exf6 Kf7 26. Nd3 Bxd3 27. Rxd3 Kxf6 28. b4 cxb4 29. axb4 Rxb4 30. Rxd7 Rxd7 31. Rxd7 a5 32. Rxh7 Rxc4 33. Ra7 Ra4 34. Kf2 Ra2+ 35. Kf3 a4 36. h4 a3 37. Ra6 Ra1 38. Kg2 a2 39. Kh2 Kg7 40. Kg2 e5 41. Kh2 e4 42. Kg2 Kf7 43. Kh2 Re1 44. Rxa2 Rxe3 45. Ra6 Re2+ 46. Kh3 Rf2 47. Rb6 e3 48. Rb5 Kf6 49. Rb8 Ke7 50. Rb3 e2 51. Re3+ Kf8 52. Re6 Kg7 53. Re7+ Kg8 54. Re8+ Kf7 55. Re5 1/2-1/2

[Event "Laval IX"]
[Site "Laval CAN"]
[Date "1992.03.01"]
[Round "4"]
[White "Ross, Dave"]
[Black "Lesiege, Alexandre"]
[Result "1/2-1/2"]
[WhiteElo "2296"]
[BlackElo "2452"]
[WhiteFideId "-1"]
[WhiteFideId "-1"]
[PlyCount "72"]
[GameId "2160767912375731"]
[EventDate "1992.02.28"]
[EventType "swiss"]
[EventRounds "5"]
[EventCountry "CAN"]
[SourceTitle "EXT 2022"]
[Source "ChessBase"]
[SourceDate "2021.10.06"]
[SourceVersion "1"]
[SourceVersionDate "2021.10.06"]
[SourceQuality "1"]

1. d4 Nf6 2. Nf3 g6 3. c4 Bg7 4. g3 O-O 5. Bg2 d6 6. O-O Nbd7 7. Nc3 e5 8. e4 c6 9. b3 exd4 10. Nxd4 Re8 11. h3 Nc5 12. Re1 Nfd7 13. Be3 a5 14. Qc2 Qb6 15. Rab1 Qb4 16. Ndb5 a4 17. Bd2 Nxb3 18. axb3 cxb5 19. Nxb5 axb3 20. Rxb3 Qa4 21. Nc7 Nc5 22. Rc3 Bd7 23. Nxa8 Bxc3 24. Qxc3 Rxa8 25. Bh6 Ne6 26. e5 dxe5 27. Bxb7 Nd4 28. Rxe5 Qd1+ 29. Re1 Ne2+ 30. Kh2 Nxc3 31. Rxd1 Nxd1 32. Bxa8 Nxf2 33. g4 Nd3 34. Kg3 Ne5 35. Bd5 Be6 36. Bf4 Nxc4 1/2-1/2

[Event "Carnaval"]
[Site "Quebec CAN"]
[Date "1992.02.07"]
[Round "1"]
[White "Tremblay, Sylvain"]
[Black "Lesiege, Alexandre"]
[Result "0-1"]
[WhiteElo "1935"]
[BlackElo "2452"]
[WhiteFideId "-1"]
[WhiteFideId "-1"]
[PlyCount "92"]
[GameId "2160767912375804"]
[EventDate "1992.02.07"]
[EventType "swiss"]
[EventRounds "5"]
[EventCountry "CAN"]
[SourceTitle "EXT 2022"]
[Source "ChessBase"]
[SourceDate "2021.10.06"]
[SourceVersion "1"]
[SourceVersionDate "2021.10.06"]
[SourceQuality "1"]

1. d4 Nf6 2. c4 g6 3. Nc3 Bg7 4. e4 O-O 5. Nf3 d6 6. Be2 e5 7. Be3 c6 8. O-O Na6 9. dxe5 dxe5 10. Qxd8 Rxd8 11. Rfd1 Re8 12. h3 Bf8 13. a3 b6 14. b4 h6 15. Nd2 Nc7 16. Rab1 Ba6 17. a4 Ne6 18. Nf3 c5 19. Nxe5 Nd4 20. Rxd4 cxd4 21. Bxd4 Bg7 22. f4 Bb7 23. Bf3 Nd7 24. Nb5 Nxe5 25. Bxe5 Bxe5 26. fxe5 Rxe5 27. Nd6 Bc6 28. b5 Rd8 29. Nxf7 Kxf7 30. bxc6 Rc8 31. Rb5 Kf6 32. a5 Rxc6 33. axb6 Rxb6 34. Rxb6+ axb6 35. Kf2 Ra5 36. Ke3 Ke5 37. Be2 Ra3+ 38. Bd3 Ra2 39. Bf1 Ra3+ 40. Bd3 Rb3 41. h4 Rb2 42. Bf1 Rb3+ 43. Bd3 Ra3 44. g4 Rb3 45. h5 g5 46. Kd2 Kd4 0-1

[Event "Berlin Sommer"]
[Site "Berlin GER"]
[Date "1992.??.??"]
[Round "?"]
[White "Boensch, Uwe"]
[Black "Lesiege, Alexandre"]
[Result "1-0"]
[WhiteElo "2490"]
[BlackElo "2375"]
[WhiteFideId "-1"]
[WhiteFideId "-1"]
[PlyCount "89"]
[GameId "2129405196865956"]
[EventDate "1992.??.??"]
[EventType "swiss"]
[EventRounds "9"]
[EventCountry "GER"]
[SourceTitle "EXT 97"]
[Source "ChessBase"]
[SourceDate "1997.11.17"]
[SourceVersion "1"]
[SourceVersionDate "1997.11.17"]
[SourceQuality "1"]

1. d4 Nf6 2. c4 g6 3. Nc3 Bg7 4. e4 d6 5. Nge2 O-O 6. Ng3 e5 7. d5 Ng4 8. f3 Nh6 9. Be2 f5 10. exf5 Nxf5 11. O-O Bh6 12. Nxf5 Bxc1 13. Rxc1 gxf5 14. f4 Nd7 15. Qd2 exf4 16. Rxf4 Ne5 17. Nb5 Bd7 18. Nd4 Qf6 19. Rcf1 Rae8 20. h3 Ng6 21. R4f2 f4 22. Bh5 Re4 23. Ne2 Rxc4 24. Bxg6 hxg6 25. Nxf4 Qd4 26. Qxd4 Rxd4 27. Nxg6 Rxf2 28. Rxf2 Rd1+ 29. Kh2 Bb5 30. b3 Bd3 31. Ne7+ Kg7 32. g4 Re1 33. Nf5+ Bxf5 34. Rxf5 Re2+ 35. Kg3 Rxa2 36. h4 Rd2 37. h5 Rd3+ 38. Kh4 Rxb3 39. Kg5 Rh3 40. Rf6 Rg3 41. h6+ Kh8 42. Kh5 a5 43. g5 a4 44. Kg6 Rh3 45. Rf7 1-0

[Event "CAN-ch"]
[Site "Kingston CAN"]
[Date "1992.??.??"]
[Round "1"]
[White "Lesiege, Alexandre"]
[Black "Hergott, Deen"]
[Result "1-0"]
[WhiteElo "2375"]
[BlackElo "2410"]
[WhiteFideId "-1"]
[WhiteFideId "-1"]
[PlyCount "153"]
[GameId "2160767912375913"]
[EventDate "1992.??.??"]
[EventType "tourn"]
[EventRounds "11"]
[EventCountry "CAN"]
[SourceTitle "TD 92\05"]

1. d4 e6 2. c4 Bb4+ 3. Bd2 Bxd2+ 4. Qxd2 b6 5. Nc3 Bb7 6. e4 Nh6 7. Bd3 f5 8. Nf3 O-O 9. O-O-O Nc6 10. d5 Nb4 11. Bb1 a5 12. Rhe1 fxe4 13. Bxe4 exd5 14. Nxd5 Nxd5 15. Bxd5+ Bxd5 16. Qxd5+ Kh8 17. Qxd7 Qf6 18. Qe6 Qf4+ 19. Kc2 Rf6 20. Qe4 Raf8 21. Rd7 c5 22. Re7 Ng4 23. Re8 Qxe4+ 24. R1xe4 Nxf2 25. Rxf8+ Rxf8 26. Re6 h6 27. Rxb6 Re8 28. Kb3 Re2 29. Ka4 Nd1 30. Kxa5 Nxb2 31. Kb5 Rc2 32. Ne5 Rxg2 33. a4 Re2 34. Ng6+ Kh7 35. Nf8+ Kg8 36. Rb8 Kf7 37. Nd7 Nd3 38. a5 Rb2+ 39. Kc6 Nb4+ 40. Kb7 Nd3+ 41. Nb6 Nb4 42. a6 Nxa6 43. Kxa6 Rxh2 44. Kb5 g5 45. Kxc5 g4 46. Nd5 h5 47. Rb1 h4 48. Kd6 h3 49. Rf1+ Kg6 50. c5 Rc2 51. Rg1 Rc4 52. Rh1 Kg5 53. c6 Kh4 54. c7 g3 55. Nf4 h2 56. Rf1 Kg4 57. Ng2 Kh3 58. Ne3 Rc3 59. Rf8 Rd3+ 60. Ke5 Rxe3+ 61. Kd4 Re4+ 62. Kd3 h1=Q 63. c8=Q+ Kg2 64. Qc2+ Kh3 65. Qc8+ Kg2 66. Qb7 Qh6 67. Qxe4+ Kh2 68. Ra8 Qh3 69. Qe5 Qh7+ 70. Kc3 Qf7 71. Qe2+ g2 72. Qe5+ Kh1 73. Ra1+ Qf1 74. Qh8+ Kg1 75. Kd2 Kf2 76. Qf6+ Kg1 77. Re1 1-0

[Event "CAN-ch"]
[Site "Kingston CAN"]
[Date "1992.??.??"]
[Round "2"]
[White "Horton, Joe"]
[Black "Lesiege, Alexandre"]
[Result "1-0"]
[WhiteElo "2337"]
[BlackElo "2375"]
[WhiteFideId "-1"]
[WhiteFideId "-1"]
[PlyCount "109"]
[GameId "2160767912375919"]
[EventDate "1992.??.??"]
[EventType "tourn"]
[EventRounds "11"]
[EventCountry "CAN"]
[SourceTitle "TD 92\05"]

1. g3 g6 2. Bg2 Bg7 3. Nf3 c5 4. O-O Nc6 5. c4 e6 6. Nc3 Nge7 7. d3 O-O 8. e4 d6 9. Be3 Nd4 10. Qd2 f5 11. Bh6 f4 12. Bxg7 Kxg7 13. gxf4 Nxf3+ 14. Bxf3 e5 15. f5 gxf5 16. exf5 Nxf5 17. Bd5 Nh4 18. Kh1 Kh8 19. f4 Bh3 20. Rf2 Ng6 21. fxe5 Qh4 22. Ne4 Nxe5 23. Rg1 Bg4 24. Rg3 Bf3+ 25. Kg1 Bxe4 26. Bxe4 Nxc4 27. Rxf8+ Rxf8 28. Qg2 Qf4 29. Qe2 Qc1+ 30. Kg2 Qxb2 31. Qxb2+ Nxb2 32. Bxb7 Rg8 33. Ba6 Rxg3+ 34. Kxg3 Kg7 35. Kf4 Nd1 36. Kf5 Kf7 37. Bc4+ Ke7 38. Kg5 Ne3 39. Bg8 h6+ 40. Kg6 d5 41. Kxh6 Kf6 42. Kh5 a5 43. Kh4 c4 44. dxc4 dxc4 45. Kg3 c3 46. Bb3 c2 47. Bxc2 Nxc2 48. Kf4 Nb4 49. a3 Nc2 50. a4 Ke6 51. Ke4 Nb4 52. h4 Nd5 53. Kd4 Kd6 54. h5 Nb6 55. h6 1-0

[Event "CAN-ch"]
[Site "Kingston CAN"]
[Date "1992.??.??"]
[Round "3"]
[White "Lesiege, Alexandre"]
[Black "O'Donnell, Tom"]
[Result "1/2-1/2"]
[WhiteElo "2375"]
[BlackElo "2395"]
[WhiteFideId "-1"]
[WhiteFideId "-1"]
[PlyCount "61"]
[GameId "2160767912375926"]
[EventDate "1992.??.??"]
[EventType "tourn"]
[EventRounds "11"]
[EventCountry "CAN"]
[SourceTitle "TD 92\05"]

1. d4 d5 2. c4 c6 3. Nf3 Nf6 4. Nc3 e6 5. e3 Nbd7 6. Qc2 Bd6 7. g4 O-O 8. g5 Nh5 9. Be2 g6 10. Bd2 b5 11. cxb5 c5 12. h4 Bb7 13. O-O-O Rc8 14. Kb1 Qe7 15. Rc1 Rfd8 16. dxc5 Nxc5 17. Nd4 Ng7 18. f4 Nf5 19. Bf3 Ne4 20. Nxf5 exf5 21. Bxe4 dxe4 22. h5 Qe6 23. hxg6 fxg6 24. Qa4 Bc5 25. Rc2 Rxd2 26. Rxd2 Bxe3 27. Rdd1 Bb6 28. Qb4 Bc5 29. Qa5 Bb6 30. Qb4 Bc5 31. Qa5 1/2-1/2

[Event "CAN-ch"]
[Site "Kingston CAN"]
[Date "1992.??.??"]
[Round "4"]
[White "Lesiege, Alexandre"]
[Black "Gentes, Kevin"]
[Result "1-0"]
[WhiteElo "2375"]
[BlackElo "2285"]
[WhiteFideId "-1"]
[WhiteFideId "-1"]
[PlyCount "57"]
[GameId "2160767738303296"]
[EventDate "1992.??.??"]
[EventType "tourn"]
[EventRounds "11"]
[EventCountry "CAN"]
[SourceTitle "CBM 034"]
[Source "ChessBase"]
[SourceDate "2004.01.01"]
[SourceVersion "1"]
[SourceVersionDate "2004.01.01"]
[SourceQuality "1"]

1. d4 Nf6 2. c4 e6 3. Nc3 Bb4 4. e3 c5 5. Nge2 d5 6. a3 Bxc3+ 7. Nxc3 cxd4 8. exd4 Nc6 9. c5 Ne4 10. Qd3 f5 11. Be3 O-O 12. f3 f4 13. fxe4 fxe3 14. O-O-O e5 15. exd5 Bf5 16. Qxe3 exd4 17. dxc6 dxe3 18. Bc4+ Kh8 19. Rxd8 Raxd8 20. cxb7 Bd7 21. Bd5 Rf2 22. Re1 Bf5 23. Rxe3 Rc2+ 24. Kd1 Rxb2 25. c6 g6 26. c7 Rxd5+ 27. Nxd5 Rxb7 28. Re8+ Kg7 29. Rb8 {Ftacnik,L} 1-0

[Event "CAN-ch"]
[Site "Kingston CAN"]
[Date "1992.??.??"]
[Round "5"]
[White "Livshits, Ron"]
[Black "Lesiege, Alexandre"]
[Result "0-1"]
[WhiteElo "2335"]
[BlackElo "2375"]
[WhiteFideId "-1"]
[WhiteFideId "-1"]
[PlyCount "66"]
[GameId "2160767912375937"]
[EventDate "1992.??.??"]
[EventType "tourn"]
[EventRounds "11"]
[EventCountry "CAN"]
[SourceTitle "TD 92\05"]

1. d4 Nf6 2. c4 g6 3. Nf3 Bg7 4. g3 O-O 5. Bg2 d6 6. Nc3 Nc6 7. O-O Bg4 8. h3 Bxf3 9. Bxf3 Nd7 10. e3 e5 11. dxe5 Ndxe5 12. Be2 Qd7 13. Kg2 Na5 14. Qc2 Nexc4 15. b4 Qf5 16. e4 Qe5 17. Nd5 Qxa1 18. bxa5 b5 19. f4 c6 20. Nc7 Rac8 21. Bxc4 Rxc7 22. e5 Qd4 23. Bb3 dxe5 24. Rd1 Qb4 25. Be3 exf4 26. Bc5 Qc3 27. Bxf8 Qxg3+ 28. Kf1 Qxh3+ 29. Kg1 Bxf8 30. Rd8 Qg3+ 31. Kf1 Re7 32. Qd1 f3 33. Bxf7+ Rxf7 0-1

[Event "CAN-ch"]
[Site "Kingston CAN"]
[Date "1992.??.??"]
[Round "6"]
[White "Lesiege, Alexandre"]
[Black "Spraggett, Kevin"]
[Result "1-0"]
[WhiteElo "2375"]
[BlackElo "2540"]
[WhiteFideId "-1"]
[WhiteFideId "-1"]
[PlyCount "83"]
[GameId "2160767912375943"]
[EventDate "1992.??.??"]
[EventType "tourn"]
[EventRounds "11"]
[EventCountry "CAN"]
[SourceTitle "CBM 034"]
[Source "ChessBase"]
[SourceDate "2004.01.01"]
[SourceVersion "1"]
[SourceVersionDate "2004.01.01"]
[SourceQuality "1"]

1. d4 Nf6 2. c4 d6 3. Nc3 g6 4. Nf3 Bg7 5. g3 O-O 6. Bg2 c6 7. O-O Qa5 8. h3 Be6 9. Qd3 Qa6 10. b3 d5 11. Ne5 dxc4 12. Nxc4 Rd8 13. Rd1 Nbd7 14. e4 b5 15. Nd2 Nc5 16. Qc2 Rxd4 17. Ne2 Rdd8 18. Qxc5 Nd7 19. Qa3 Qb6 20. e5 Nxe5 21. Nf4 Nd3 22. Nxd3 Rxd3 23. Rb1 Rad8 24. Qxe7 Rxg3 25. Qxd8+ Qxd8 26. fxg3 Qd3 27. Ba3 b4 28. Nf1 Qb5 29. Bb2 h5 30. Bxg7 Kxg7 31. h4 c5 32. Bd5 Bxd5 33. Rxd5 Qc6 34. Ne3 a5 35. Rc1 Qe6 36. Kf2 Qf6+ 37. Ke2 a4 38. bxa4 Qa6+ 39. Kf3 Qxa4 40. Rc2 c4 41. Rxc4 Qxa2 42. Rxb4 1-0

[Event "CAN-ch"]
[Site "Kingston CAN"]
[Date "1992.??.??"]
[Round "7"]
[White "Basanta, Gary"]
[Black "Lesiege, Alexandre"]
[Result "0-1"]
[WhiteElo "2315"]
[BlackElo "2375"]
[WhiteFideId "-1"]
[WhiteFideId "-1"]
[PlyCount "100"]
[GameId "2160767912375946"]
[EventDate "1992.??.??"]
[EventType "tourn"]
[EventRounds "11"]
[EventCountry "CAN"]
[SourceTitle "TD 92\05"]

1. e4 c5 2. Nf3 e6 3. d4 cxd4 4. Nxd4 Nf6 5. Nc3 d6 6. Be2 Be7 7. O-O O-O 8. f4 a6 9. a4 Nc6 10. Be3 Qc7 11. Kh1 Re8 12. Qe1 Nxd4 13. Bxd4 e5 14. fxe5 dxe5 15. Qg3 Bd8 16. Be3 Kh8 17. Bd3 Be6 18. Bg5 Nh5 19. Qh4 Nf4 20. Rf3 Qb6 21. Rb1 Bxg5 22. Qxg5 f6 23. Qh4 Rac8 24. Qe1 Red8 25. Bf1 Rd4 26. b3 Qb4 27. Qe3 Rd7 28. Rb2 Bg4 29. Rg3 Rxc3 30. Qxc3 Rd1 31. h3 Rxf1+ 32. Kh2 Qxc3 33. Rxc3 Be6 34. Rc7 Rf2 35. Rxb7 Rxg2+ 36. Kh1 h5 37. Rb1 Rg3 38. b4 Rxh3+ 39. Kg1 Rg3+ 40. Kh1 Bg4 41. Rb3 Bf3+ 42. Rxf3 Rxf3 43. c4 Rf1+ 44. Kh2 Rf2+ 45. Kh1 Rc2 46. Rc7 h4 47. b5 axb5 48. axb5 h3 49. b6 Nh5 50. Rxg7 Kxg7 0-1

[Event "CAN-ch"]
[Site "Kingston CAN"]
[Date "1992.??.??"]
[Round "8"]
[White "Lesiege, Alexandre"]
[Black "Day, Lawrence"]
[Result "1-0"]
[WhiteElo "2375"]
[BlackElo "2395"]
[WhiteFideId "-1"]
[WhiteFideId "-1"]
[PlyCount "107"]
[GameId "2160767912375954"]
[EventDate "1992.??.??"]
[EventType "tourn"]
[EventRounds "11"]
[EventCountry "CAN"]
[SourceTitle "TD"]
[Source "ChessBase"]
[SourceVersion "1"]
[SourceVersionDate "1994.03.01"]
[SourceQuality "1"]

1. d4 d6 2. c4 Nf6 3. Nc3 c6 4. e4 e5 5. Nf3 Nbd7 6. Be2 Be7 7. O-O O-O 8. Rb1 Re8 9. Re1 Bf8 10. Bf1 b6 11. b4 exd4 12. Nxd4 Bb7 13. Nf5 c5 14. f3 cxb4 15. Nb5 Re6 16. Rxb4 g6 17. Nfd4 Re8 18. Rb1 h6 19. Bf4 Ne5 20. Qd2 Kh7 21. Rbc1 Nfd7 22. Nc2 Nc5 23. Rcd1 Ba6 24. Ne3 Nb7 25. Qd5 Qe7 26. Bg3 Bxb5 27. cxb5 Na5 28. f4 Nd7 29. e5 Rad8 30. exd6 Qe6 31. f5 Qxd5 32. Nxd5 Rxe1 33. Rxe1 Nb7 34. Re7 Kg7 35. f6+ Kg8 36. Bc4 Ndc5 37. Nc7 Nxd6 38. Bxd6 Rxd6 39. Rxf7 Rd1+ 40. Kf2 Ne4+ 41. Ke3 Nd6 42. Rg7+ Kh8 43. Rg8+ Kh7 44. Bb3 Nf5+ 45. Ke2 Rd7 46. Rxf8 Nd4+ 47. Kf2 Nxb3 48. Ne6 Nd4 49. Nd8 Rd6 50. f7 Rf6+ 51. Ke1 Ne6 52. Re8 Nxd8 53. f8=Q Nf7 54. Qg8# 1-0

[Event "CAN-ch"]
[Site "Kingston CAN"]
[Date "1992.??.??"]
[Round "9"]
[White "Hartman, Brian"]
[Black "Lesiege, Alexandre"]
[Result "1/2-1/2"]
[WhiteElo "2370"]
[BlackElo "2375"]
[WhiteFideId "-1"]
[WhiteFideId "-1"]
[PlyCount "31"]
[GameId "2160767912375959"]
[EventDate "1992.??.??"]
[EventType "tourn"]
[EventRounds "11"]
[EventCountry "CAN"]
[SourceTitle "TD 92\05"]

1. e4 c5 2. Nf3 e6 3. d4 cxd4 4. Nxd4 Nf6 5. Nc3 d6 6. Be2 Be7 7. O-O O-O 8. f4 a6 9. a4 Nc6 10. Be3 Qc7 11. Kh1 Re8 12. Bd3 Bd7 13. Qf3 Nb4 14. Qg3 Nxd3 15. cxd3 Qa5 16. e5 1/2-1/2

[Event "CAN-ch"]
[Site "Kingston CAN"]
[Date "1992.??.??"]
[Round "10"]
[White "Lesiege, Alexandre"]
[Black "Huber, Gregory"]
[Result "1-0"]
[WhiteElo "2375"]
[BlackElo "2320"]
[WhiteFideId "-1"]
[WhiteFideId "-1"]
[PlyCount "69"]
[GameId "2160767738303298"]
[EventDate "1992.??.??"]
[EventType "tourn"]
[EventRounds "11"]
[EventCountry "CAN"]
[SourceTitle "CBM 034"]
[Source "ChessBase"]
[SourceDate "2004.01.01"]
[SourceVersion "1"]
[SourceVersionDate "2004.01.01"]
[SourceQuality "1"]

1. c4 Nf6 2. Nc3 e6 3. Nf3 d5 4. d4 Be7 5. Bg5 O-O 6. e3 c6 7. Rc1 Nbd7 8. Bd3 Re8 9. O-O a6 10. Qc2 h6 11. Bh4 dxc4 12. Bxc4 b5 13. Be2 c5 14. Bxf6 Nxf6 15. dxc5 Bxc5 16. Nxb5 Bxe3 17. Rcd1 Nd5 18. fxe3 axb5 19. Bxb5 Bd7 20. Bxd7 Qxd7 21. Qf2 Qb7 22. a3 f5 23. Nd4 Nf6 24. Qe2 Qe4 25. Qd3 Qe5 26. h3 Rec8 27. Rfe1 Rab8 28. b4 Nd5 29. Nxf5 Rc3 30. Nxh6+ gxh6 31. Qg6+ Kf8 32. Rf1+ Ke7 33. Rf7+ Kd6 34. e4 Rg3 35. Rxd5+ {Ftacnik,L} 1-0

[Event "CAN-ch"]
[Site "Kingston CAN"]
[Date "1992.05.??"]
[Round "11"]
[White "Nickoloff, Bryon"]
[Black "Lesiege, Alexandre"]
[Result "1/2-1/2"]
[WhiteElo "2430"]
[BlackElo "2375"]
[WhiteFideId "-1"]
[WhiteFideId "-1"]
[PlyCount "46"]
[GameId "2160767912375973"]
[EventDate "1992.??.??"]
[EventType "tourn"]
[EventRounds "11"]
[EventCountry "CAN"]
[SourceTitle "TD 92\05"]

1. d4 Nf6 2. c4 g6 3. Nc3 Bg7 4. e4 d6 5. Be2 O-O 6. Nf3 e5 7. Be3 exd4 8. Nxd4 Re8 9. f3 c6 10. Bf2 d5 11. exd5 cxd5 12. c5 Nc6 13. O-O Nh5 14. Qd2 Be5 15. g3 Ng7 16. Bb5 Bd7 17. Rfe1 Nxd4 18. Bxd4 Bxd4+ 19. Qxd4 Rxe1+ 20. Rxe1 Bxb5 21. Nxb5 Ne6 22. Qf2 Qa5 23. Nc3 Qxc5 1/2-1/2

[Event "Cannes op"]
[Site "Cannes FRA"]
[Date "1992.??.??"]
[Round "?"]
[White "Berend, Fred"]
[Black "Lesiege, Alexandre"]
[Result "1-0"]
[WhiteElo "2285"]
[BlackElo "2375"]
[WhiteFideId "-1"]
[WhiteFideId "-1"]
[PlyCount "89"]
[GameId "2129405197132708"]
[EventDate "1992.??.??"]
[EventType "swiss"]
[EventRounds "9"]
[EventCountry "FRA"]
[SourceTitle "EXT 92op"]

1. e4 c5 2. Nf3 e6 3. Nc3 d6 4. g3 Nc6 5. Bg2 Nf6 6. O-O Be7 7. d4 cxd4 8. Nxd4 Bd7 9. Ndb5 Qb8 10. a4 O-O 11. Bg5 a6 12. Bxf6 Bxf6 13. Nxd6 Rd8 14. Nc4 Ne5 15. Nb6 Bb5 16. axb5 Rxd1 17. Rfxd1 Ra7 18. Nd7 Nxd7 19. Rxd7 Qe8 20. b6 Ra8 21. Rxb7 Bxc3 22. bxc3 Qc6 23. e5 Qxc3 24. Rd1 Qxc2 25. Rbd7 Re8 26. b7 Kf8 27. Rd8 Qc7 28. Rxe8+ Kxe8 29. Bc6+ Kf8 30. Be4 Ke7 31. Rb1 Qb8 32. h4 h6 33. Rc1 Kd7 34. Rc8 Qxc8 35. bxc8=Q+ Kxc8 36. Kf1 Kc7 37. Ke2 Kb6 38. Kd3 Kc5 39. f4 a5 40. Kc3 a4 41. Bc2 a3 42. Bb3 Kb5 43. h5 Kc5 44. Ba2 Kb5 45. Kd4 1-0

[Event "Cannes op"]
[Site "Cannes FRA"]
[Date "1992.??.??"]
[Round "?"]
[White "Gouret, Thierry"]
[Black "Lesiege, Alexandre"]
[Result "1/2-1/2"]
[WhiteElo "2215"]
[BlackElo "2375"]
[WhiteFideId "-1"]
[WhiteFideId "-1"]
[PlyCount "122"]
[GameId "2129405197132825"]
[EventDate "1992.??.??"]
[EventType "swiss"]
[EventRounds "9"]
[EventCountry "FRA"]
[SourceTitle "EXT 92op"]

1. c4 g6 2. Nf3 Bg7 3. e3 Nf6 4. Be2 O-O 5. O-O c5 6. d4 cxd4 7. Nxd4 Nc6 8. Nc3 d5 9. cxd5 Nxd5 10. Nxc6 bxc6 11. Bd2 Nxc3 12. Bxc3 Bxc3 13. bxc3 Qa5 14. Qd4 Rb8 15. Bc4 e5 16. Qd6 Rb6 17. Rac1 Ba6 18. Bxa6 Rxa6 19. Rfd1 Rb6 20. h4 h5 21. Qc7 Rb5 22. Qxc6 Rc5 23. Qd6 Rxc3 24. Rxc3 Qxc3 25. Qd2 Qc4 26. Qd5 Qxh4 27. Qxe5 Qa4 28. Qa1 Rc8 29. Rb1 a5 30. a3 Qc2 31. Rf1 Rc3 32. Rd1 Kf8 33. g3 a4 34. Rb1 Kg8 35. Rb8+ Kh7 36. Rb7 Qd2 37. Rb1 Qd3 38. Rd1 Rxa3 39. Rxd3 Rxa1+ 40. Kg2 Kg7 41. Rd6 a3 42. Ra6 Kf8 43. e4 Ke7 44. e5 Kd7 45. f4 a2 46. Kh2 Kc7 47. Kg2 Kb7 48. Ra3 Kc6 49. Ra5 Kb6 50. Ra8 Kb5 51. Ra7 Kc4 52. Ra3 Kd4 53. Ra5 Ke4 54. Ra7 Kd4 55. Ra4+ Ke3 56. Ra3+ Ke4 57. Ra7 Kf5 58. Rxf7+ Kg4 59. Ra7 Rb1 60. Rxa2 Rb3 61. Kh2 Rxg3 1/2-1/2

[Event "Cannes op"]
[Site "Cannes FRA"]
[Date "1992.??.??"]
[Round "?"]
[White "Kluss, Kai"]
[Black "Lesiege, Alexandre"]
[Result "0-1"]
[WhiteElo "2210"]
[BlackElo "2375"]
[WhiteFideId "-1"]
[WhiteFideId "-1"]
[PlyCount "70"]
[GameId "2129405197132875"]
[EventDate "1992.??.??"]
[EventType "swiss"]
[EventRounds "9"]
[EventCountry "FRA"]
[SourceTitle "EXT 92op"]

1. d4 Nf6 2. c4 e6 3. Nc3 Bb4 4. e3 c5 5. a3 Bxc3+ 6. bxc3 Nc6 7. Bd3 O-O 8. Ne2 b6 9. e4 Ne8 10. e5 f5 11. exf6 Nxf6 12. Bf4 Ba6 13. Bd6 Rf7 14. dxc5 bxc5 15. O-O Rc8 16. Ng3 Na5 17. Qe2 Ne8 18. Ne4 Qb6 19. Rab1 Qc6 20. Rfd1 h6 21. Bg3 Qa4 22. Nd2 Nf6 23. Be5 Qc6 24. h4 Rd8 25. Bxf6 Rxf6 26. Ne4 Rf4 27. g3 Rff8 28. Nd6 Qf3 29. Qf1 Rb8 30. Re1 Qc6 31. Rbd1 Rb2 32. Be4 Qa4 33. Re2 Nxc4 34. Rxb2 Nxb2 35. Qe1 Qxd1 0-1